000 01044cam a2200265 i 4500
001 18878598
003 CO-ViMGA
005 20230915234402.0
008 151202s2015 ck a b 000 0 spa
020 _a9789587341638
040 _aCO-ViMGA
_bspa
_cCO-ViMGA
043 _as-ck---
082 0 4 _bA59t
_a303.6861
100 1 _aÁlvarez-Correa, Miguel,
_eauthor.
_94352
245 1 3 _aEl tiempo del ahora :
_bel deber de atender a las víctimas, el Centro de Atención a Víctimas (CAV) : ¿dónde estmaos? /
_cE. Miguel Álvarez-Correa G., Daniel F. Bocanegra B.
250 _aPrimera edición.
300 _a61 pages :
_billustrations ;
_c24 cm
504 _aIncludes bibliographical references (pages 59-60).
650 0 _aReparation (Criminal justice)
_zColombia.
_97324
650 0 _aRestorative justice
_zColombia.
_97325
650 0 _aVictims of violent crimes
_xLegal status, laws, etc.
_zColombia.
_97326
650 0 _aWar damage compensation
_zColombia.
_97327
700 1 _aBocanegra B., Daniel F.,
_eauthor.
_97328
942 _2ddc
_cBK
999 _c37712
_d37712